000
00261nam a22001217a 4500
003
SGT
082
_a
615
_b
THA
100
_a
THAKARE, DR. C.
245
_a
HOSPITAL AND CLINICAL PHARMACY
260
_a
INDIA
_b
S. VIKASH
_c
222
300
_a
120
942
_2
ddc
_c
BK
999
_c
32502
_d
32502